| 000 | 00571nam a2200133 a 4500 | ||
|---|---|---|---|
| 008 | 120416s1974 ||||||||||||||||| || u | ||
| 050 | _aQD 213 Han | ||
| 245 | 1 | 0 | _aHandbook of precisition timekeeping and tape search |
| 246 | _aprepared by Applications Engineering Staff | ||
| 260 |
_aConcord, California _bSystron - Donner Corporation _c1974 |
||
| 350 | _a0.00 | ||
| 650 | 0 | _aCHEMISTRY--HANDBOOKS, MANUALS, ETC | |
| 995 |
_D0.00 _FCBU-MAIN LIBRARY (Kitwe) _H1 _I3.50 _M1 _UDAMAGED _WMar 9, 2007 _ZMain Library Open Access Collection |
||
| 999 |
_c45313 _d45313 |
||